[Event "Istanbul op-B 12th"]
[Site "Istanbul"]
[Date "2013.10.14"]
[Round "4"]
[White "Izi, Ekrem"]
[Black "Ozgoz, Ozgur Cetin"]
[Result "1-0"]
[WhiteElo "1755"]
[BlackElo "1489"]
[PlyCount "113"]
[EventDate "2013.10.12"]
[EventType "swiss"]
[EventRounds "9"]
[EventCountry "TUR"]
[SourceTitle "EXT 2014"]
[Source "ChessBase"]
[SourceDate "2013.11.20"]
[SourceVersion "1"]
[SourceVersionDate "2013.11.20"]
[SourceQuality "1"]

1. e4 c5 2. d4 cxd4 3. c3 d3 4. Nf3 Nc6 5. Bxd3 e5 6. 0-0 Nf6 7. Qe2 a6 8. Bc4 Bc5 9. Ng5 0-0 10. Nxf7 Rxf7 11. Bxf7+ Kxf7 12. Qc4+ d5 13. Qxc5 Nxe4 14. Qe3 Kg8 15. Nd2 Nf6 16. Nf3 e4 17. Nd4 Ne5 18. h3 Nc4 19. Qe2 Bd7 20. Bg5 Qb6 21. Bxf6 Qxf6 22. f3 Qg6 23. Kh1 Re8 24. fxe4 Rxe4 25. Qf2 h6 26. Rae1 Nd6 27. Rxe4 Nxe4 28. Qf8+ Kh7 29. Rf3 Qg5 30. Qf4 Qg6 31. Ne2 Qb6 32. b4 Qc6 33. Qe5 Ng5 34. Rg3 Qc4 35. Nf4 Qe4 36. Qc7 Qc4 37. Qxc4 dxc4 38. Re3 Bc6 39. Ne6 Kg6 40. Nxg5 Kxg5 41. Rg3+ Kf6 42. Kg1 g5 43. Rg4 b5 44. Rd4 Ke5 45. g4 Ke6 46. Rd8 Ke5 47. Kf2 Ke4 48. Rd6 Bb7 49. Rd4+ Ke5 50. Rd7 Bc8 51. Re7+ Kd5 52. Ke3 Kc6 53. Rh7 h5 54. Rxh5 Kb6 55. Rxg5 Bd7 56. Rg6+ Bc6 57. h4 1-0